| 000 | 01139nam a22003377a 4500 | ||
|---|---|---|---|
| 999 |
_c64820 _d64820 |
||
| 005 | 20240530110753.0 | ||
| 008 | 181217s2017 ua c b 000 0 ara d | ||
| 017 |
_a2016/23497 _bمصر. دار الكتب |
||
| 020 | _a9789777950886 | ||
| 040 |
_aEG-CaGPL _cEG-CaGPL |
||
| 082 | 0 | 4 |
_221 _a920.7 / _bم ش |
| 100 | 0 | _aمصطفى الفقى | |
| 245 | 1 | 0 |
_aشخصيات على الطريق / _cمصطفى الفقى |
| 250 | _aط.1 | ||
| 260 |
_aالقاهرة : _bالدار المصرية اللبنانية ، _c2017. |
||
| 300 |
_a349 ص. : _bصور ؛ _c19 سم. |
||
| 504 | _aيشتمل على ارجاعات ببليوجرافية | ||
| 600 | 0 | _aجيهان السادات | |
| 600 | 0 | _aسناء البيسى | |
| 600 | 0 | _aعائشة راتب | |
| 600 | 0 | _aسعد الين وهبة | |
| 600 | 0 | _aصلاح عبد الصبور | |
| 600 | 0 | _aعاطف الطيب | |
| 600 | 0 | _aخالد مشعل | |
| 650 | 0 | 7 |
_2qrmak _aالتراجم |
| 650 | 0 | 7 |
_2qrmak _aالرجال _vتراجم |
| 650 | 0 | 7 |
_2qrmak _aالنساء _vتراجم |
| 651 | _2qrmak | ||
| 942 |
_2ddc _cBK |
||